Θεωρία οπισθοδρομικών στοχαστικών διαφορικών εξισώσεων : μεταπτυχιακή διατριβή

Βασικές ιδιότητες των οπισθοδρομικών στοχαστικών διαφορικών εξισώσεων.

Αποθηκεύτηκε σε:
Λεπτομέρειες βιβλιογραφικής εγγραφής
Κύριος συγγραφέας: Φενερλής, Ανδρέας
Συγγραφή απο Οργανισμό/Αρχή: Πανεπιστήμιο Αιγαίου. Σχολή Θετικών Επιστημών. Τμήμα Στατιστικής και Αναλογιστικών-Χρηματοοικονομικών Μαθηματικών. Μεταπτυχιακό Πρόγραμμα Στατιστική και Αναλογιστικά - Χρηματοοικονομικά Μαθηματικά
Μορφή: Thesis Βιβλίο
Γλώσσα:Greek
Δημοσίευση: 2011.
Θέματα:
Διαθέσιμο Online:http://hdl.handle.net/11610/15626
Ετικέτες: Προσθήκη ετικέτας
Δεν υπάρχουν, Καταχωρήστε ετικέτα πρώτοι!

MARC

LEADER 00000cam a2200000 i 4500
001 1/14696
008 110824s2011 gr | ||| |||| ||gre||
035 |l 10110681 
040 |a GR-MyUA  |b gre  |e AACR2 
041 0 |a gre 
082 0 |a 519.2   |2 (22)  
100 1 |a Φενερλής, Ανδρέας. 
245 1 0 |a Θεωρία οπισθοδρομικών στοχαστικών διαφορικών εξισώσεων :   |b μεταπτυχιακή διατριβή /   |c Ανδρέας Φενερλής ; επιβλέπων καθηγητής Νικόλαος Χαλιδιάς.  
260 |c 2011.  
300 |a 48 σ. ;   |c 30 εκ.  
502 |a Διατριβή (μεταπτυχιακή) – Πανεπιστήμιο Αιγαίου, Σάμος, 2011.  
504 |a Βιβλιογραφία: σ. 48.  
506 0 |a Διάθεση πλήρους κειμένου - Ελεύθερη πρόσβαση.  
520 |a Βασικές ιδιότητες των οπισθοδρομικών στοχαστικών διαφορικών εξισώσεων.  
610 2 0 |a University of the Aegean  |x Dissertations. 
650 0 0 |a Stochastic differential equations. 
650 0 0 |a Dissertations, Academic  |z Greece. 
700 1 |a Χαλιδιάς, Νικόλαος,  |e dgs 
710 2 |a Πανεπιστήμιο Αιγαίου.   |b Σχολή Θετικών Επιστημών.   |b Τμήμα Στατιστικής και Αναλογιστικών-Χρηματοοικονομικών Μαθηματικών.   |b Μεταπτυχιακό Πρόγραμμα Στατιστική και Αναλογιστικά - Χρηματοοικονομικά Μαθηματικά. 
852 |a INST  |b SAMOS  |c DIATR  |e 20110824  |h 519.2 ΦΕΝ  |p 005300032586  |q 005300032586  |t MTXE  |y 23 
852 |a INST  |b SAMOS  |c DIATR  |e 20110824  |h 519.2 ΦΕΝ  |p 005300032587  |q 005300032587  |t MTXE  |y 23 
856 |u http://hdl.handle.net/11610/15626 
901 |a BIBL3-2011-2 
909 |a Σ  |b 167273 
909 |a Σ  |b 167274 
924 |a ΦΕΝΕΡΛΗΣ  |b ΑΝΔΡΕΑΣ  |y Σάμος  |z 2011-07 
970 |a ΚΟΣΙΕΡΗΣ  |b ΧΡΗΣΤΟΣ  |z 2011/08/24